[Event "Chess House GM"]
[Site "Aarhus"]
[Date "2015.02.08"]
[Round "2"]
[White "Carlstedt, Jonathan"]
[Black "Skytte, Rasmus"]
[Result "1-0"]
[WhiteElo "2444"]
[BlackElo "2428"]
[PlyCount "79"]
[EventDate "2015.02.07"]
[EventType "tourn"]
[EventRounds "9"]
[EventCountry "DEN"]
[EventCategory "9"]
[SourceTitle "CBM 164 Extra"]
[Source "ChessBase"]
[SourceDate "2015.03.02"]

1. e4 d5 2. exd5 Qxd5 3. Nc3 Qa5 4. d4 Nf6 5. Nf3 c6 6. Ne5 Nbd7 7. Nc4 Qd8 8.
Bf4 Nb6 9. Qd2 Bf5 10. f3 Nxc4 11. Bxc4 b5 12. Bb3 e6 13. g4 Bg6 14. h4 h6 15.
O-O-O a5 16. a4 b4 17. Ne2 Nd5 18. Be5 f6 19. Bg3 Bd6 20. g5 Bf5 21. Rdg1 Be7
22. gxh6 Rxh6 23. Bf4 Rh7 24. h5 Qd7 25. Ng3 O-O-O 26. Nxf5 exf5 27. Re1 Kb7
28. Bxd5 cxd5 29. Qe2 Bf8 30. Qd3 Rc8 31. Kb1 Rc4 32. Rh2 Rh8 33. Rhe2 Rxh5 34.
Re8 Rh4 35. Rxf8 Rxf4 36. Ree8 Rh4 37. b3 Rh1+ 38. Kb2 Rc3 39. Rb8+ Kc7 40. Qa6
1-0

[Event "Chess House GM"]
[Site "Aarhus"]
[Date "2015.02.09"]
[Round "4"]
[White "Carlstedt, Jonathan"]
[Black "Trent, Lawrence"]
[Result "1/2-1/2"]
[WhiteElo "2444"]
[BlackElo "2470"]
[PlyCount "75"]
[EventDate "2015.02.07"]
[EventType "tourn"]
[EventRounds "9"]
[EventCountry "DEN"]
[EventCategory "9"]
[SourceTitle "CBM 164 Extra"]
[Source "ChessBase"]
[SourceDate "2015.03.02"]

1. e4 c5 2. Nf3 d6 3. d4 cxd4 4. Nxd4 Nf6 5. Nc3 g6 6. Be3 Bg7 7. f3 O-O 8. Qd2
Nc6 9. O-O-O d5 10. Kb1 Nxd4 11. e5 Nf5 12. exf6 exf6 13. Nxd5 Nxe3 14. Qxe3
Be6 15. Bc4 f5 16. Qb3 b5 17. Be2 a5 18. Bxb5 a4 19. Qa3 Bxd5 20. c4 Qg5 21.
Rxd5 Qxg2 22. Rhd1 Rfb8 23. R5d2 Qg5 24. Rd7 Bf8 25. Qd3 a3 26. Qd5 Qf6 27. Qd4
Qxd4 28. R7xd4 Bg7 29. Rd7 Bxb2 30. Kc2 Be5 31. h3 h5 32. Re1 Bf6 33. Kb3 Kg7
34. Kb4 Bd8 35. Re3 Ba5+ 36. Kb3 Bd8 37. Kb4 Ba5+ 38. Kb3 1/2-1/2

[Event "Chess House GM"]
[Site "Aarhus"]
[Date "2015.02.07"]
[Round "1"]
[White "Donchenko, Alexander"]
[Black "Svane, Rasmus"]
[Result "1-0"]
[WhiteElo "2552"]
[BlackElo "2512"]
[PlyCount "79"]
[EventDate "2015.02.07"]
[EventType "tourn"]
[EventRounds "9"]
[EventCountry "DEN"]
[EventCategory "9"]
[SourceTitle "CBM 164 Extra"]
[Source "ChessBase"]
[SourceDate "2015.03.02"]

1. d4 Nf6 2. c4 e6 3. Nf3 d5 4. Nc3 c6 5. Bg5 dxc4 6. e4 b5 7. e5 h6 8. Bh4 g5
9. Nxg5 hxg5 10. Bxg5 Be7 11. exf6 Bxf6 12. Bxf6 Qxf6 13. g3 Bb7 14. Bg2 Na6
15. Ne4 Qe7 16. O-O O-O-O 17. a4 f5 18. Nc3 b4 19. Ne2 e5 20. Qc2 Qf7 21. Rac1
c3 22. bxc3 b3 23. Qd3 f4 24. h4 Rhf8 25. Rb1 f3 26. Bh3+ Kb8 27. Nc1 c5 28. d5
e4 29. Qb5 e3 30. Nxb3 e2 31. Na5 exf1=Q+ 32. Bxf1 Rd6 33. Qxb7+ Qxb7 34. Rxb7+
Ka8 35. Re7 Nb8 36. Bd3 Rfd8 37. Be4 Nd7 38. Nc6 Rf8 39. h5 Rh8 40. Bxf3 1-0

[Event "Chess House GM"]
[Site "Aarhus"]
[Date "2015.02.09"]
[Round "4"]
[White "Donchenko, Alexander"]
[Black "Kristiansen, Jens"]
[Result "1-0"]
[WhiteElo "2552"]
[BlackElo "2411"]
[PlyCount "79"]
[EventDate "2015.02.07"]
[EventType "tourn"]
[EventRounds "9"]
[EventCountry "DEN"]
[EventCategory "9"]
[SourceTitle "CBM 164 Extra"]
[Source "ChessBase"]
[SourceDate "2015.03.02"]

1. d4 f5 2. Bg5 g6 3. Nc3 Bg7 4. h4 h6 5. Bf4 Nf6 6. e3 Nc6 7. Qf3 d6 8. Qg3
Ng4 9. O-O-O e5 10. dxe5 Ngxe5 11. Nf3 Qf6 12. Bxe5 dxe5 13. Nd5 Qf7 14. Bc4
Kf8 15. Nb6 axb6 16. Bxf7 Kxf7 17. a3 Be6 18. Rd2 Rhe8 19. Rhd1 Re7 20. c3 Ra4
21. Ne1 e4 22. f4 h5 23. Nc2 Na5 24. Kb1 c5 25. Rd6 Nc4 26. Rxe6 Rxe6 27. Rd7+
Kf8 28. b3 Nxa3+ 29. Kb2 Nxc2 30. Rxg7 Kxg7 31. bxa4 Nxe3 32. Qxe3 Kf7 33. Kc2
Kf6 34. Kd1 Rd6+ 35. Ke2 Rd3 36. Qc1 b5 37. axb5 b6 38. Qa3 Rd6 39. Qa7 Ke6 40.
Qg7 1-0

[Event "Chess House GM"]
[Site "Aarhus"]
[Date "2015.02.08"]
[Round "2"]
[White "Donchenko, Alexander"]
[Black "Grabarczyk, Miroslaw"]
[Result "1-0"]
[WhiteElo "2552"]
[BlackElo "2430"]
[PlyCount "121"]
[EventDate "2015.02.07"]
[EventType "tourn"]
[EventRounds "9"]
[EventCountry "DEN"]
[EventCategory "9"]
[SourceTitle "CBM 164 Extra"]
[Source "ChessBase"]
[SourceDate "2015.03.02"]

1. c4 e6 2. g3 d5 3. Bg2 Nf6 4. Nf3 dxc4 5. O-O Nbd7 6. Na3 Nb6 7. Nxc4 Nxc4 8.
Qa4+ Bd7 9. Qxc4 Bc6 10. d3 Qd5 11. Qc3 Qc5 12. e4 Qxc3 13. bxc3 Nd7 14. Rb1
Nb6 15. Be3 Be7 16. c4 O-O-O 17. c5 Nd7 18. Rfc1 Bf6 19. Rc4 h6 20. Kf1 g5 21.
Ke2 g4 22. Nd4 Bxd4 23. Rxd4 Ne5 24. Rxd8+ Rxd8 25. d4 Nf3 26. Bxf3 gxf3+ 27.
Kxf3 f5 28. Kf4 Bxe4 29. Rg1 Bd5 30. a3 Rg8 31. g4 fxg4 32. Rxg4 Rxg4+ 33. Kxg4
b5 34. Bxh6 a5 35. Bd2 b4 36. axb4 axb4 37. Bxb4 Kd7 38. Kg5 Ke7 39. c6+ Kf7
40. Ba5 Bxc6 41. Bxc7 Ba4 42. h4 Bd1 43. h5 Be2 44. h6 Bd3 45. Be5 Bc2 46. Bg3
Bd3 47. Kf4 Bf1 48. Ke5 Bh3 49. Bf4 Bg4 50. Bd2 Bh3 51. Bc1 Kg6 52. f3 Kf7 53.
Ba3 Kg6 54. Bf8 Kh7 55. Kf6 Kg8 56. Bb4 Kh7 57. Bd2 Kg8 58. Bg5 Kh7 59. Be3 Kg8
60. d5 exd5 61. Kg6 1-0

[Event "Chess House GM"]
[Site "Aarhus"]
[Date "2015.02.13"]
[Round "8"]
[White "Donchenko, Alexander"]
[Black "Hagen, Andreas Skytte"]
[Result "1-0"]
[WhiteElo "2552"]
[BlackElo "2440"]
[PlyCount "123"]
[EventDate "2015.02.07"]
[EventType "tourn"]
[EventRounds "9"]
[EventCountry "DEN"]
[EventCategory "9"]
[SourceTitle "CBM 164 Extra"]
[Source "ChessBase"]
[SourceDate "2015.03.02"]

1. d4 Nf6 2. c4 e6 3. Nc3 Bb4 4. e3 O-O 5. Nge2 d5 6. a3 Be7 7. cxd5 exd5 8.
Nf4 c6 9. Bd3 a5 10. O-O Na6 11. Qc2 Nc7 12. Bd2 Ne6 13. Nfe2 Re8 14. f3 b6 15.
Qa4 Bb7 16. Rad1 c5 17. Kh1 Qb8 18. Be1 cxd4 19. exd4 Bd6 20. Nb5 Bc6 21. Qb3
Bxb5 22. Bxb5 Rc8 23. Bh4 g5 24. Bf2 Ra7 25. Qd3 Ng7 26. Ng3 Rd8 27. Ba4 Qc8
28. Rc1 Rc7 29. Rxc7 Qxc7 30. Nf5 Ngh5 31. Nxd6 Rxd6 32. Re1 Re6 33. Rxe6 fxe6
34. Be3 Nf4 35. Qf1 e5 36. dxe5 Qxe5 37. Qf2 Nd3 38. Qd2 d4 39. Bg1 Nc5 40.
Bxd4 Qd5 41. Bc2 h6 42. Qc3 Nfd7 43. b4 axb4 44. axb4 Ne6 45. Bb3 Qd6 46. Qe3
Kf7 47. Qe4 Ke7 48. Bf2 Nf6 49. Qxe6+ Qxe6 50. Bxe6 Kxe6 51. Bxb6 Nd5 52. Bc5
Nc3 53. g4 Kf7 54. Kg2 Kg6 55. Kf2 h5 56. Ke3 h4 57. h3 Kf7 58. Kd3 Nd5 59. b5
Nf4+ 60. Ke4 Ke6 61. b6 Kd7 62. b7 1-0

[Event "Chess House GM"]
[Site "Aarhus"]
[Date "2015.02.13"]
[Round "8"]
[White "Grabarczyk, Miroslaw"]
[Black "Kasparov, Sergey"]
[Result "1/2-1/2"]
[WhiteElo "2430"]
[BlackElo "2485"]
[PlyCount "27"]
[EventDate "2015.02.07"]
[EventType "tourn"]
[EventRounds "9"]
[EventCountry "DEN"]
[EventCategory "9"]
[SourceTitle "CBM 164 Extra"]
[Source "ChessBase"]
[SourceDate "2015.03.02"]

1. d4 d5 2. c4 c6 3. cxd5 cxd5 4. Nc3 Nf6 5. Nf3 Nc6 6. Bf4 a6 7. e3 Bg4 8. Qb3
Bxf3 9. gxf3 Na5 10. Qa4+ Nc6 11. Qb3 Na5 12. Qa4+ Nc6 13. Qb3 Na5 14. Qa4+
1/2-1/2

[Event "Chess House GM"]
[Site "Aarhus"]
[Date "2015.02.09"]
[Round "4"]
[White "Grabarczyk, Miroslaw"]
[Black "Skytte, Rasmus"]
[Result "1/2-1/2"]
[WhiteElo "2430"]
[BlackElo "2428"]
[PlyCount "80"]
[EventDate "2015.02.07"]
[EventType "tourn"]
[EventRounds "9"]
[EventCountry "DEN"]
[EventCategory "9"]
[SourceTitle "CBM 164 Extra"]
[Source "ChessBase"]
[SourceDate "2015.03.02"]

1. d4 Nf6 2. c4 c5 3. d5 b5 4. cxb5 a6 5. bxa6 g6 6. Nc3 Bg7 7. Nf3 O-O 8. g3
d6 9. Bg2 Nxa6 10. O-O Nb4 11. Bf4 Bb7 12. Ng5 Qa5 13. a3 Na6 14. Nge4 Nxe4 15.
Nxe4 Nc7 16. Bd2 Qb6 17. Nc3 Rfb8 18. Rb1 Bc8 19. b4 Qa7 20. Ne4 cxb4 21. axb4
Nb5 22. Rc1 Qa3 23. e3 Bf5 24. Qc2 h5 25. h3 Rc8 26. Qb1 Bb2 27. Rxc8+ Rxc8 28.
Kh2 Qb3 29. Rc1 Na3 30. Rxc8+ Bxc8 31. Qe1 Bf5 32. Bc1 Nc2 33. Qd1 Bxc1 34.
Qxc1 Nxb4 35. Qc3 Qxc3 36. Nxc3 Bd3 37. Kg1 f5 38. f4 Bc4 39. e4 fxe4 40. Bxe4
Kf7 1/2-1/2

[Event "Chess House GM"]
[Site "Aarhus"]
[Date "2015.02.07"]
[Round "1"]
[White "Grabarczyk, Miroslaw"]
[Black "Carlstedt, Jonathan"]
[Result "1/2-1/2"]
[WhiteElo "2430"]
[BlackElo "2444"]
[PlyCount "79"]
[EventDate "2015.02.07"]
[EventType "tourn"]
[EventRounds "9"]
[EventCountry "DEN"]
[EventCategory "9"]
[SourceTitle "CBM 164 Extra"]
[Source "ChessBase"]
[SourceDate "2015.03.02"]

1. d4 Nf6 2. c4 e6 3. Nf3 Bb4+ 4. Bd2 a5 5. Nc3 d6 6. g3 Nbd7 7. Bg2 O-O 8. O-O
Nb6 9. b3 Bd7 10. Qc2 Bc6 11. Rfe1 a4 12. Rad1 Bxc3 13. Bxc3 Be4 14. Qb2 Ra6
15. Bf1 Qe7 16. Nd2 Rfa8 17. b4 a3 18. Qb3 Na4 19. b5 R6a7 20. Bb4 c5 21. dxc5
dxc5 22. Bxa3 Nc3 23. Qxc3 Rxa3 24. Qe5 Bc2 25. Ra1 Ng4 26. Qb2 Qf6 27. Qxf6
Nxf6 28. Bg2 Rd8 29. Nb1 Bxb1 30. Rexb1 b6 31. Rd1 Rb8 32. Rd3 Ra4 33. Rc3 Rd8
34. a3 Kf8 35. e3 Rd2 36. Bf3 Ke7 37. Kf1 g5 38. h3 h5 39. g4 h4 40. Ke1
1/2-1/2

[Event "Chess House GM"]
[Site "Aarhus"]
[Date "2015.02.09"]
[Round "4"]
[White "Hagen, Andreas Skytte"]
[Black "Teplyi, Igor"]
[Result "1-0"]
[WhiteElo "2440"]
[BlackElo "2389"]
[PlyCount "129"]
[EventDate "2015.02.07"]
[EventType "tourn"]
[EventRounds "9"]
[EventCountry "DEN"]
[EventCategory "9"]
[SourceTitle "CBM 164 Extra"]
[Source "ChessBase"]
[SourceDate "2015.03.02"]

1. e4 c5 2. Nf3 d6 3. d4 cxd4 4. Nxd4 Nf6 5. Nc3 a6 6. Bc4 e6 7. Bb3 Nbd7 8. f4
Nc5 9. O-O Nxb3 10. axb3 e5 11. Nf3 exf4 12. Bxf4 Be7 13. Qd4 O-O 14. Rfd1 Qe8
15. Qb6 Qd8 16. Qd4 Qe8 17. h3 Bd7 18. Bxd6 Bxd6 19. Qxd6 Bc6 20. e5 Ne4 21.
Nxe4 Bxe4 22. c3 Bxf3 23. gxf3 Rc8 24. Ra4 Rc6 25. Qd5 Qe7 26. Re4 Qg5+ 27. Kh2
Qf5 28. Rg4 Re6 29. Rdg1 g6 30. Re1 h5 31. Rd4 b5 32. Qe4 Qg5 33. f4 Qh4 34.
Re2 Rfe8 35. Qd3 Qe7 36. b4 Kf8 37. Rd7 Qh4 38. Qg3 Qxg3+ 39. Kxg3 f6 40. Rd5
Kf7 41. h4 R8e7 42. Kf3 Rc7 43. Re4 Rce7 44. Ke3 Rc7 45. Red4 Rce7 46. Re4 Rc7
47. Kd3 Rec6 48. Red4 fxe5 49. fxe5 Re7 50. b3 Rce6 51. Re4 Ke8 52. c4 bxc4+
53. bxc4 Rb7 54. Rd6 Ree7 55. c5 a5 56. bxa5 Rb5 57. Kc4 Rxa5 58. Kd5 Rc7 59.
Rc6 Rd7+ 60. Ke6 Re7+ 61. Kf6 Rf7+ 62. Kxg6 Rf1 63. Re6+ Kd7 64. Rf6 Rg1+ 65.
Kf7 1-0

[Event "Chess House GM"]
[Site "Aarhus"]
[Date "2015.02.08"]
[Round "2"]
[White "Hagen, Andreas Skytte"]
[Black "Kristiansen, Jens"]
[Result "1/2-1/2"]
[WhiteElo "2440"]
[BlackElo "2411"]
[PlyCount "76"]
[EventDate "2015.02.07"]
[EventType "tourn"]
[EventRounds "9"]
[EventCountry "DEN"]
[EventCategory "9"]
[SourceTitle "CBM 164 Extra"]
[Source "ChessBase"]
[SourceDate "2015.03.02"]

1. e4 g6 2. d4 Bg7 3. Nc3 d6 4. f4 Nf6 5. Bd3 O-O 6. Nf3 Nc6 7. e5 dxe5 8. fxe5
Nh5 9. Be3 Bg4 10. Be2 f6 11. exf6 exf6 12. O-O Ne7 13. Nh4 Bxe2 14. Qxe2 f5
15. Qc4+ Kh8 16. Nf3 c6 17. Rfe1 Nd5 18. Bg5 Nhf6 19. Re2 Nxc3 20. Qxc3 Qd6 21.
Bxf6 Bxf6 22. Qe3 Rad8 23. c3 Qd5 24. a3 Rf7 25. Qh6 c5 26. Rae1 Bg7 27. Re8+
Rf8 28. Rxf8+ Rxf8 29. Qf4 cxd4 30. Nxd4 Bf6 31. h3 Rd8 32. Kh1 Kg8 33. Nf3 Qd6
34. Qc4+ Qd5 35. Qc7 Qd7 36. Qc4+ Qd5 37. Qf4 Qd6 38. Qc4+ Qd5 1/2-1/2

[Event "Chess House GM"]
[Site "Aarhus"]
[Date "2015.02.10"]
[Round "5"]
[White "Kasparov, Sergey"]
[Black "Hagen, Andreas Skytte"]
[Result "1-0"]
[WhiteElo "2485"]
[BlackElo "2440"]
[PlyCount "73"]
[EventDate "2015.02.07"]
[EventType "tourn"]
[EventRounds "9"]
[EventCountry "DEN"]
[EventCategory "9"]
[SourceTitle "CBM 164 Extra"]
[Source "ChessBase"]
[SourceDate "2015.03.02"]

1. e4 e6 2. d4 d5 3. Nd2 Nf6 4. e5 Nfd7 5. Bd3 c5 6. c3 Nc6 7. Ne2 cxd4 8. cxd4
f6 9. exf6 Nxf6 10. Nf3 Bd6 11. O-O O-O 12. Bf4 Bxf4 13. Nxf4 Ng4 14. Ne2 Qd6
15. h3 Rxf3 16. hxg4 Rf7 17. f4 Bd7 18. Rc1 Raf8 19. Qd2 Nb4 20. b3 a6 21. Rc3
Nxd3 22. Rxd3 Bb5 23. Rdf3 Qb6 24. R1f2 Bxe2 25. Rxe2 g5 26. g3 gxf4 27. Rxf4
Rg7 28. Rxf8+ Kxf8 29. Rf2+ Kg8 30. Qf4 h6 31. Qxh6 Qxd4 32. Qxe6+ Kh8 33. g5
Qd1+ 34. Kg2 Qh5 35. Rf8+ Kh7 36. Qf5+ Rg6 37. Qf7+ 1-0

[Event "Chess House GM"]
[Site "Aarhus"]
[Date "2015.02.08"]
[Round "2"]
[White "Kasparov, Sergey"]
[Black "Trent, Lawrence"]
[Result "1-0"]
[WhiteElo "2485"]
[BlackElo "2470"]
[PlyCount "111"]
[EventDate "2015.02.07"]
[EventType "tourn"]
[EventRounds "9"]
[EventCountry "DEN"]
[EventCategory "9"]
[SourceTitle "CBM 164 Extra"]
[Source "ChessBase"]
[SourceDate "2015.03.02"]

1. Nf3 Nf6 2. c4 g6 3. b4 e6 4. a3 Bg7 5. Bb2 O-O 6. e3 b6 7. Be2 Bb7 8. O-O d6
9. Nc3 Nbd7 10. d4 Ne4 11. Nxe4 Bxe4 12. Qb3 Qe7 13. Rfd1 e5 14. dxe5 Nxe5 15.
Nxe5 Bxe5 16. Bxe5 Qxe5 17. Rac1 a5 18. c5 axb4 19. axb4 bxc5 20. bxc5 Rfb8 21.
Qc3 Qxc3 22. Rxc3 Rb2 23. Bf1 d5 24. c6 Raa2 25. f3 Bf5 26. h4 h6 27. Kh2 Be6
28. Kg3 Kf8 29. h5 g5 30. f4 Kg7 31. Rcd3 Rc2 32. Rd4 Kf6 33. fxg5+ Kxg5 34. e4
dxe4 35. Rxe4 Rxc6 36. Rd8 Kf6 37. Rg8 Rc5 38. Kh4 Raa5 39. g4 Ra1 40. Rf4+ Ke5
41. Rf2 Ra4 42. Bh3 Rcc4 43. Rg2 Rf4 44. Rh8 Rf6 45. Rc2 Rc4 46. Rxc4 Bxc4 47.
Rc8 c6 48. Rg8 Be6 49. g5 hxg5+ 50. Rxg5+ Kf4 51. Bg2 Bf5 52. Rg3 c5 53. Rf3+
Ke5 54. Kg5 Be4 55. Rxf6 Bxg2 56. Rf5+ 1-0

[Event "Chess House GM"]
[Site "Aarhus"]
[Date "2015.02.07"]
[Round "1"]
[White "Kristiansen, Jens"]
[Black "Kasparov, Sergey"]
[Result "1/2-1/2"]
[WhiteElo "2411"]
[BlackElo "2485"]
[PlyCount "79"]
[EventDate "2015.02.07"]
[EventType "tourn"]
[EventRounds "9"]
[EventCountry "DEN"]
[EventCategory "9"]
[SourceTitle "CBM 164 Extra"]
[Source "ChessBase"]
[SourceDate "2015.03.02"]

1. d4 Nf6 2. Nf3 c5 3. d5 g6 4. Nc3 d6 5. e4 Bg7 6. Bb5+ Bd7 7. a4 O-O 8. O-O
Bxb5 9. axb5 Nbd7 10. Re1 Ne8 11. Bf4 Nb6 12. Qd3 Nc7 13. Rad1 Qd7 14. e5 Rad8
15. h4 c4 16. Qe3 Nxb5 17. Bh6 Nxc3 18. Bxg7 Kxg7 19. Qxc3 Kg8 20. h5 dxe5 21.
Nxe5 Qf5 22. hxg6 hxg6 23. Nxc4 Nxd5 24. Qb3 e6 25. Ne5 Nb6 26. c4 Rxd1 27.
Qxd1 Rc8 28. Qd4 Qf6 29. Rd1 Qg7 30. Rd3 Rf8 31. Qf4 g5 32. Qe4 f5 33. Qd4 f4
34. Qd6 Re8 35. b3 Qe7 36. Qd4 Qg7 37. Qe4 Qh7 38. Qd4 Qg7 39. Qe4 Qh7 40. Qd4
1/2-1/2

[Event "Chess House GM"]
[Site "Aarhus"]
[Date "2015.02.13"]
[Round "8"]
[White "Kristiansen, Jens"]
[Black "Trent, Lawrence"]
[Result "1/2-1/2"]
[WhiteElo "2411"]
[BlackElo "2470"]
[PlyCount "121"]
[EventDate "2015.02.07"]
[EventType "tourn"]
[EventRounds "9"]
[EventCountry "DEN"]
[EventCategory "9"]
[SourceTitle "CBM 164 Extra"]
[Source "ChessBase"]
[SourceDate "2015.03.02"]

1. d4 Nf6 2. Nf3 g6 3. c4 Bg7 4. Nc3 O-O 5. e4 d6 6. Be2 e5 7. d5 a5 8. Bg5 h6
9. Bh4 Na6 10. Nd2 Bd7 11. O-O Qe8 12. b3 Nh7 13. a3 h5 14. f3 Bh6 15. Rb1 Be3+
16. Bf2 Bxf2+ 17. Rxf2 Nc5 18. Qc1 Qe7 19. b4 axb4 20. axb4 Na4 21. c5 Qg5 22.
Nxa4 Rxa4 23. Bd1 Ra7 24. Nc4 Qxc1 25. Rxc1 Bb5 26. cxd6 Bxc4 27. Rxc4 cxd6 28.
Rc7 Nf6 29. Be2 h4 30. Bf1 Rd8 31. Rfc2 Ne8 32. Rc8 Ra8 33. R8c3 Ra4 34. Rb3
Kf8 35. Bb5 Ra1+ 36. Kf2 Ke7 37. g3 hxg3+ 38. hxg3 Rda8 39. Rbc3 R1a2 40. Rxa2
Rxa2+ 41. Ke3 Rb2 42. Rc8 Nf6 43. Rc7+ Kf8 44. Rxb7 Rxb4 45. Bc6 Rxb7 46. Bxb7
Nh5 47. Kf2 f5 48. exf5 gxf5 49. f4 exf4 50. gxf4 Nxf4 51. Bc8 Nxd5 52. Bxf5
Ke7 53. Be4 Nc3 54. Bf3 Ke6 55. Ke3 Ke5 56. Kd3 Na4 57. Bg2 Nc5+ 58. Ke3 Ne6
59. Bc6 Nd4 60. Bg2 d5 61. Bxd5 1/2-1/2

[Event "Chess House GM"]
[Site "Aarhus"]
[Date "2015.02.10"]
[Round "5"]
[White "Kristiansen, Jens"]
[Black "Grabarczyk, Miroslaw"]
[Result "1/2-1/2"]
[WhiteElo "2411"]
[BlackElo "2430"]
[PlyCount "145"]
[EventDate "2015.02.07"]
[EventType "tourn"]
[EventRounds "9"]
[EventCountry "DEN"]
[EventCategory "9"]
[SourceTitle "CBM 164 Extra"]
[Source "ChessBase"]
[SourceDate "2015.03.02"]

1. d4 d5 2. c4 e6 3. Nc3 Nf6 4. cxd5 exd5 5. Bg5 c6 6. e3 Bf5 7. Qf3 Bg6 8.
Bxf6 Qxf6 9. Qxf6 gxf6 10. Rd1 Nd7 11. Bd3 Bd6 12. Nge2 h5 13. h4 Nb6 14. b3 a5
15. a4 Rg8 16. O-O Kf8 17. f3 Rd8 18. Kf2 Kg7 19. Ng3 Nc8 20. Nce2 Kh6 21. Rfe1
Ne7 22. Nf4 Rde8 23. Nge2 Rg7 24. Rg1 Reg8 25. Bxg6 fxg6 26. g4 hxg4 27. fxg4
Kh7 28. Ne6 Rf7 29. Rdf1 Re8 30. Kg2 Kg8 31. Rf3 Nc8 32. N6f4 Kg7 33. Rgf1 Rfe7
34. Kf2 Bb4 35. h5 Bd2 36. Nxg6 Rxe3 37. Ng3 Nd6 38. Rd1 Be1+ 39. Kg2 Rxf3 40.
Kxf3 Bxg3 41. Kxg3 Ne4+ 42. Kg2 Kh6 43. Rf1 Kg5 44. Kh3 Nd6 45. Nh4 Re3+ 46.
Rf3 Re1 47. Nf5 Ne4 48. Ng7 Re2 49. Ne6+ Kh6 50. Nf4 Re1 51. Ne6 b6 52. Kg2
Re2+ 53. Kf1 Rb2 54. Kg1 Rc2 55. Rd3 Rb2 56. Rf3 Rc2 57. Rd3 Re2 58. Rf3 Ra2
59. Rd3 Kh7 60. Rf3 Kh6 61. Rd3 f5 62. gxf5 Kxh5 63. Rf3 Kg4 64. Rf4+ Kg3 65.
Kf1 Ng5 66. Nxg5 Kxf4 67. f6 Kg3 68. Nh3 Ra1+ 69. Ke2 Ra2+ 70. Ke1 Ra1+ 71. Ke2
Ra2+ 72. Ke1 Ra1+ 73. Ke2 1/2-1/2

[Event "Chess House GM"]
[Site "Aarhus"]
[Date "2015.02.10"]
[Round "5"]
[White "Skytte, Rasmus"]
[Black "Svane, Rasmus"]
[Result "1/2-1/2"]
[WhiteElo "2428"]
[BlackElo "2512"]
[PlyCount "75"]
[EventDate "2015.02.07"]
[EventType "tourn"]
[EventRounds "9"]
[EventCountry "DEN"]
[EventCategory "9"]
[SourceTitle "CBM 164 Extra"]
[Source "ChessBase"]
[SourceDate "2015.03.02"]

1. e4 e6 2. d4 d5 3. Nc3 Nf6 4. e5 Nfd7 5. f4 c5 6. Nf3 Be7 7. Be3 O-O 8. Qd2
Nc6 9. dxc5 Nxc5 10. O-O-O Qc7 11. Kb1 a6 12. Qf2 b6 13. Bd3 Bb7 14. Qg3 Nxd3
15. cxd3 d4 16. Nxd4 Nxd4 17. Bxd4 b5 18. Ne4 Bxe4 19. dxe4 Rac8 20. Qf2 Qb7
21. Qe3 Rfd8 22. Bb6 Rxd1+ 23. Rxd1 g6 24. g4 Qc6 25. Rc1 Qb7 26. Rxc8+ Qxc8
27. Qd4 Qc6 28. a3 b4 29. axb4 h6 30. Bc5 Bh4 31. f5 Kh7 32. f6 Bg5 33. Bd6 Bf4
34. h3 g5 35. Ka2 Qa4+ 36. Kb1 Qc6 37. Ka2 Qa4+ 38. Kb1 1/2-1/2

[Event "Chess House GM"]
[Site "Aarhus"]
[Date "2015.02.07"]
[Round "1"]
[White "Skytte, Rasmus"]
[Black "Hagen, Andreas Skytte"]
[Result "1/2-1/2"]
[WhiteElo "2428"]
[BlackElo "2440"]
[PlyCount "52"]
[EventDate "2015.02.07"]
[EventType "tourn"]
[EventRounds "9"]
[EventCountry "DEN"]
[EventCategory "9"]
[SourceTitle "CBM 164 Extra"]
[Source "ChessBase"]
[SourceDate "2015.03.02"]

1. e4 e5 2. Nf3 Nc6 3. Bb5 Nf6 4. O-O Nxe4 5. Re1 Nd6 6. Nxe5 Be7 7. Bf1 Nf5 8.
Nc3 Nxe5 9. Rxe5 d6 10. Re1 c6 11. d4 d5 12. Bf4 O-O 13. Bd3 Be6 14. Be5 g6 15.
Ne2 f6 16. Bf4 Qd7 17. c3 Rfe8 18. Qc2 Bf8 19. Ng3 Nxg3 20. Bxg3 Bf7 21. Qd2
Kg7 22. h4 Qg4 23. Be2 Qd7 24. Bd3 Qg4 25. Be2 Qd7 26. Bd3 Qg4 1/2-1/2

[Event "Chess House GM"]
[Site "Aarhus"]
[Date "2015.02.13"]
[Round "8"]
[White "Skytte, Rasmus"]
[Black "Teplyi, Igor"]
[Result "0-1"]
[WhiteElo "2428"]
[BlackElo "2389"]
[PlyCount "114"]
[EventDate "2015.02.07"]
[EventType "tourn"]
[EventRounds "9"]
[EventCountry "DEN"]
[EventCategory "9"]
[SourceTitle "CBM 164 Extra"]
[Source "ChessBase"]
[SourceDate "2015.03.02"]

1. e4 c5 2. Nf3 d6 3. d4 cxd4 4. Nxd4 Nf6 5. Nc3 a6 6. Bg5 Nc6 7. Bxf6 gxf6 8.
Qd2 e6 9. O-O-O Nxd4 10. Qxd4 Be7 11. f4 Qc7 12. Be2 h5 13. Bf3 Bd7 14. Kb1 Rc8
15. Rhe1 b5 16. Qd2 h4 17. Ne2 a5 18. f5 e5 19. Nc3 Qc5 20. Nd5 Bc6 21. Qe2 b4
22. Rd2 a4 23. Qd3 Kf8 24. Red1 Bd8 25. Ne3 Kg7 26. Be2 a3 27. b3 Bxe4 28. Qc4
Bb6 29. Nd5 Bxd5 30. Rxd5 Qxc4 31. Bxc4 Bc5 32. Be2 Kf8 33. Bf3 Ke7 34. Re1
Rcg8 35. h3 Kd7 36. Kc1 Rc8 37. Re4 Ke7 38. Kd2 Rb8 39. Kd3 Bf2 40. c4 bxc3 41.
Kxc3 Rhc8+ 42. Rc4 Rxc4+ 43. Kxc4 Bc5 44. Rd2 Kd7 45. Bh5 Rb4+ 46. Kd5 e4 47.
Be2 e3 48. Rd1 Rf4 49. Bb5+ Kc7 50. b4 Rxb4 51. Bc4 Rb2 52. Ke4 Rxg2 53. Re1
Rd2 54. Bxf7 d5+ 55. Kf3 Rf2+ 56. Kg4 e2 57. Bxd5 Bb4 0-1

[Event "Chess House GM"]
[Site "Aarhus"]
[Date "2015.02.13"]
[Round "8"]
[White "Svane, Rasmus"]
[Black "Carlstedt, Jonathan"]
[Result "0-1"]
[WhiteElo "2512"]
[BlackElo "2444"]
[PlyCount "108"]
[EventDate "2015.02.07"]
[EventType "tourn"]
[EventRounds "9"]
[EventCountry "DEN"]
[EventCategory "9"]
[SourceTitle "CBM 164 Extra"]
[Source "ChessBase"]
[SourceDate "2015.03.02"]

1. Nf3 Nf6 2. c4 e6 3. Nc3 d5 4. d4 Bb4 5. Qa4+ Nc6 6. e3 O-O 7. Bd2 Bd7 8. Qc2
Bd6 9. c5 Be7 10. a3 a5 11. Rb1 a4 12. Bb5 Qe8 13. O-O Ne4 14. Bxa4 Nxc3 15.
bxc3 Nxd4 16. cxd4 Bxa4 17. Qd3 Ra7 18. Rfe1 f6 19. e4 Qg6 20. Nh4 Qh5 21. Qh3
Bc2 22. Qxe6+ Qf7 23. exd5 Bxb1 24. Rxb1 Rd8 25. Nf5 Bf8 26. g4 g6 27. Qxf7+
Kxf7 28. Ne3 Bh6 29. Bb4 Bxe3 30. fxe3 Rxd5 31. Kf2 c6 32. Ke2 Ra8 33. Be1 Rd7
34. Rb3 Ke6 35. Kd3 f5 36. g5 h6 37. h4 hxg5 38. hxg5 Kd5 39. Bg3 Rh8 40. Bf4
Rh1 41. Kc3 Ke4 42. Kb4 Rf1 43. Ka5 Rxf4 44. exf4 Kxf4 45. Kb6 Ke4 46. a4 f4
47. a5 f3 48. a6 bxa6 49. Kxc6 Rxd4 50. Kb7 f2 51. Rb1 Rc4 52. c6 Kf3 53. c7
Kg2 54. Rb2 Kg1 0-1

[Event "Chess House GM"]
[Site "Aarhus"]
[Date "2015.02.09"]
[Round "4"]
[White "Svane, Rasmus"]
[Black "Kasparov, Sergey"]
[Result "1-0"]
[WhiteElo "2512"]
[BlackElo "2485"]
[PlyCount "77"]
[EventDate "2015.02.07"]
[EventType "tourn"]
[EventRounds "9"]
[EventCountry "DEN"]
[EventCategory "9"]
[SourceTitle "CBM 164 Extra"]
[Source "ChessBase"]
[SourceDate "2015.03.02"]

1. c4 c5 2. Nf3 Nf6 3. Nc3 b6 4. g3 Bb7 5. Bg2 e6 6. O-O d6 7. d4 cxd4 8. Qxd4
a6 9. Bg5 Nbd7 10. Qd2 Be7 11. Bf4 Qc7 12. Rfd1 Rc8 13. Rac1 Bxf3 14. exf3 Ne5
15. b3 O-O 16. Qe2 Qb8 17. Be3 Ned7 18. f4 g6 19. Bd4 Rfe8 20. a4 Nc5 21. Qc2
Ncd7 22. Qb2 Qc7 23. Qb1 Qb8 24. h3 Bf8 25. Be3 Bg7 26. Qa2 Red8 27. b4 Qc7 28.
Ne2 a5 29. Nd4 axb4 30. Nb5 Qb8 31. Nxd6 Nc5 32. Nxc8 Rxc8 33. Bxc5 bxc5 34. a5
b3 35. Qa3 b2 36. Rb1 Ne8 37. a6 Qa7 38. Bb7 Rb8 39. Rd7 1-0